Loyalty programs: monobrand, co-brand, coalition monograph

Gespeichert in:
Bibliographische Detailangaben
1. Verfasser: Skorobogatykh, Irina Ivanovna
Weitere Verfasser: Sidorchuk, Roman Roaljdovich, Meshkov, Alexey Aleksandrovich, Saginova, Oľga Vitalievna, Lipková, Ľudmila, Ivashkova, Natalia Ivanovna, Zavialova, Nadejda Borisovna, Zarudnaya, Maria Vladimirovna, Korobova, Ekaterina Vladimirovna
Format: Buch
Sprache:Englisch
Veröffentlicht: Bratislava Publishing house EKONÓM 2017
Ausgabe:1st ed.
Schlagworte:
Tags: Tag hinzufügen
Keine Tags, Fügen Sie das erste Tag hinzu!

MARC

LEADER 00000nam a2200000 4500
001 0228620
005 20240221112935.5
020 |a 978-80-225-4372-9 
041 0 |a eng 
044 |a SK 
245 1 0 |a Loyalty programs: monobrand, co-brand, coalition  |b monograph  |c Irina Ivanovna Skorobogatykh, Roman Roaljdovich Sidorchuk, Alexey Aleksandrovich Meshkov ... [et al.] ; editors: Irina I. Skorobogatykh, Roman R. Sidorchuk 
250 |a 1st ed. 
264 1 |a Bratislava  |b Publishing house EKONÓM  |c 2017 
300 |a 172 s. 
610 2 0 |a programy vernostné 
610 2 0 |a kvalita služieb 
610 2 0 |a servis 
610 2 0 |a správanie spotrebiteľa 
610 2 0 |a zákazníci 
610 2 0 |a značky 
610 2 0 |a značky výrobkov 
100 1 |a Skorobogatykh, Irina Ivanovna 
700 1 |a Sidorchuk, Roman Roaljdovich 
700 1 |a Meshkov, Alexey Aleksandrovich 
700 1 |a Saginova, Oľga Vitalievna 
700 1 |a Lipková, Ľudmila 
700 1 |a Ivashkova, Natalia Ivanovna 
700 1 |a Zavialova, Nadejda Borisovna 
700 1 |a Zarudnaya, Maria Vladimirovna 
700 1 |a Korobova, Ekaterina Vladimirovna